Visualizzazione normale
Vista MARC
- Treves Giorgio
di Personal Name
Records bibliografici associati: 1
001 - CONTROL NUMBER
- control field: 43992
003 - CONTROL NUMBER IDENTIFIER
- control field: IT-RoPau
005 - DATE AND TIME OF LATEST TRANSACTION
- control field: 20151127122436.0
008 - FIXED-LENGTH DATA ELEMENTS
- fixed length control field: 151127|| aca||aabn | a|a d
040 ## - CATALOGING SOURCE
- Original cataloging agency: IT-RoPau
- Transcribing agency: IT-RoPau
100 ## - HEADING--PERSONAL NAME
- Personal name: Treves Giorgio
- Miscellaneous information: Codice regista SPICS: 353
670 ## - SOURCE DATA FOUND
- Source citation: Work cat.: (IT-RoPau)105901: Treves Giorgio Codice regista SPICS: 353, SANTI DI TORINO (I) SANTI DI TORINO (I) (Rif. Codice opera principale : B9651)